Name the Sport - Statistics

General Stats
  • This quiz has been taken 51 times
  • The average score is 17 of 20
Answer Stats
Picture Answer % Correct
Football/Soccer
100%
Basketball
98%
Golf
98%
Swimming
98%
Volleyball
98%
Baseball
95%
Tennis
95%
Badminton
93%
Bowling
93%
Ice hockey
93%
Skiing
91%
Gymnastics
88%
Cricket
86%
American football
84%
Archery
84%
Lacrosse
79%
Figure skating
67%
Javelin
67%
Track
67%
Pole vault
37%
No matching quizzes found
Score Distribution
Percent of People with Each Score
Percentile by Number Answered
Your Score History
You have not taken this quiz